[Event "MP Reykjavik Open 2011"]
[Site "Reykjavik ISL"]
[Date "2011.03.15"]
[Round "8.48"]
[White "Sahl, Sheila Barth"]
[Black "Johannsson, Orn Leo"]
[Result "1-0"]
[WhiteElo "2173"]
[BlackElo "1859"]
[PlyCount "211"]
[EventDate "2011.03.09"]
[EventType "swiss"]
[EventRounds "9"]
[EventCountry "ISL"]
[Source "lmi"]
[SourceDate "2011.03.09"]

1. e4 e6 2. d4 d5 3. Nd2 Nf6 4. e5 Nfd7 5. Bd3 c5 6. c3 Nc6 7. Ne2 cxd4 8. cxd4
f6 9. exf6 Nxf6 10. O-O Bd6 11. Nf3 O-O 12. Bf4 Bxf4 13. Nxf4 Ne4 14. g3 Qf6
15. h4 g5 16. Bxe4 gxf4 17. Bc2 Qg7 18. Kh2 Kh8 19. a3 Bd7 20. Qd2 Rf6 21. Ne5
Raf8 22. Kg2 Rg8 23. Rae1 fxg3 24. f3 Nxe5 25. Rxe5 Rh6 26. Rh1 Qf6 27. Rg5
Rxg5 28. Qxg5 Be8 29. Qxf6+ Rxf6 30. Kxg3 Bg6 31. Rc1 Bxc2 32. Rxc2 Rf7 33.
Rc8+ Kg7 34. Re8 Kf6 35. Kf4 Rc7 36. Rh8 Rf7 37. Ra8 Ke7+ 38. Kg4 a6 39. h5
Rg7+ 40. Kh4 Kd6 41. h6 Rf7 42. Rb8 Rf6 43. Kg5 Rf5+ 44. Kg4 Rf6 45. Rxb7 Rxh6
46. Rb6+ Kc7 47. Rxa6 Kb7 48. Ra4 Rh2 49. Rb4+ Ka6 50. b3 Ka5 51. Rb8 Rd2 52.
Rb4 Ra2 53. Ra4+ Kb5 54. Kf4 h5 55. Ra8 h4 56. Kg4 Rd2 57. Ra4 Rd3 58. Rb4+ Ka5
59. Kxh4 Rxf3 60. Kg4 Re3 61. Kg5 e5 62. dxe5 Rxe5+ 63. Kf4 Re8 64. Rd4 Rf8+
65. Ke5 Rf3 66. Rb4 Rd3 67. Kd6 Rd1 68. Kc6 Rc1+ 69. Kxd5 Ka6 70. Rc4 Ra1 71.
a4 Rb1 72. Rc6+ Kb7 73. Rc3 Kb6 74. Kc4 Ka5 75. Rc2 Rh1 76. b4+ Ka6 77. Kb3
Rb1+ 78. Kc4 Rh1 79. Rc3 Rg1 80. a5 Rh1 81. Rd3 Rc1+ 82. Rc3 Rh1 83. Rc2 Rg1
84. Kb3 Rb1+ 85. Ka3 Rh1 86. Rc6+ Kb5 87. Rc5+ Ka6 88. Ka4 Ra1+ 89. Kb3 Rb1+
90. Kc4 Rc1+ 91. Kd5 Rb1 92. Rc6+ Kb7 93. a6+ Ka7 94. Kc5 Rh1 95. Rc7+ Ka8 96.
Kb6 Rh8 97. b5 Rh6+ 98. Ka5 Rh5 99. Rd7 Rg5 100. Kb4 Rg8 101. b6 Rh8 102. Kb5
Rh5+ 103. Kc6 Rh8 104. Re7 Rh6+ 105. Kc7 Rh8 106. Kd7 1-0

[Event "MP Reykjavik Open 2011"]
[Site "Reykjavik ISL"]
[Date "2011.03.15"]
[Round "8.49"]
[White "Mihajlov, Sebastian"]
[Black "Thorgeirsson, Sverrir"]
[Result "1-0"]
[WhiteElo "1871"]
[BlackElo "2233"]
[PlyCount "51"]
[EventDate "2011.03.09"]
[EventType "swiss"]
[EventRounds "9"]
[EventCountry "ISL"]
[Source "lmi"]
[SourceDate "2011.03.09"]

1. d4 d5 2. c4 c6 3. Nf3 Nf6 4. Nc3 e6 5. e3 Nbd7 6. Qc2 Bd6 7. Bd3 dxc4 8.
Bxc4 b5 9. Be2 a6 10. O-O Bb7 11. e4 e5 12. Rd1 Qc7 13. h3 exd4 14. Nxd4 b4 15.
Na4 c5 16. Nf5 Bh2+ 17. Kh1 Bxe4 18. Bd3 Bxf5 19. Bxf5 O-O 20. g3 Bxg3 21. fxg3
Qxg3 22. Qg2 Qe5 23. Bh6 Nh5 24. Bxg7 Ng3+ 25. Kh2 Nf1+ 26. Kg1 1-0

[Event "MP Reykjavik Open 2011"]
[Site "Reykjavik ISL"]
[Date "2011.03.15"]
[Round "8.50"]
[White "Degtiarev, Evgeny"]
[Black "Will, Matthias"]
[Result "1-0"]
[WhiteElo "2368"]
[BlackElo "2047"]
[PlyCount "78"]
[EventDate "2011.03.09"]
[EventType "swiss"]
[EventRounds "9"]
[EventCountry "ISL"]
[Source "lmi"]
[SourceDate "2011.03.09"]

1. e4 Nf6 2. e5 Nd5 3. c4 Nb6 4. a4 a5 5. d4 d6 6. exd6 exd6 7. Nc3 Nc6 8. Be2
Be7 9. Nf3 Bg4 10. b3 O-O 11. O-O Bf6 12. Be3 Ne7 13. h3 Bxf3 14. Bxf3 d5 15.
c5 Nbc8 16. Qd3 c6 17. Rab1 Ng6 18. Bg4 Re8 19. f4 Nce7 20. b4 Nh4 21. bxa5
Nhf5 22. Bf2 g6 23. Rxb7 Qxa5 24. Rb6 Rab8 25. Rfb1 Qa7 26. Bf3 Bg7 27. g4 Nh6
28. f5 Qc7 29. Ne2 Ra8 30. Bg3 Qc8 31. Rb8 Rxb8 32. Rxb8 Qd7 33. Rxe8+ Qxe8 34.
Bf4 Kh8 35. f6 Bxf6 36. Bxh6 g5 37. Qe3 Qg8 38. a5 Qg6 39. Bf8 Qb1+ 1-0

[Event "MP Reykjavik Open 2011"]
[Site "Reykjavik ISL"]
[Date "2011.03.15"]
[Round "8.51"]
[White "Duchrow, Oliver"]
[Black "Kristinsson, Bjarni Jens"]
[Result "0-1"]
[WhiteElo "2165"]
[BlackElo "2039"]
[PlyCount "58"]
[EventDate "2011.03.09"]
[EventType "swiss"]
[EventRounds "9"]
[EventCountry "ISL"]
[Source "lmi"]
[SourceDate "2011.03.09"]

1. e4 e5 2. Nf3 Nc6 3. Bb5 f5 4. d4 fxe4 5. Nxe5 Nxe5 6. dxe5 c6 7. Be2 Qa5+ 8.
Bd2 Qxe5 9. Bc3 Qg5 10. Bh5+ Kd8 11. O-O d5 12. Bd2 Qf5 13. c4 Nf6 14. Be2 Bc5
15. cxd5 Nxd5 16. Nc3 Be6 17. Nxd5 Bxd5 18. b4 Bd6 19. b5 c5 20. Be3 Kc7 21.
Qd2 b6 22. a4 Rad8 23. a5 Bb7 24. Qc2 g5 25. Ra2 h5 26. Rfa1 h4 27. axb6+ axb6
28. Ra7 Qe5 29. f4 gxf4 0-1

[Event "MP Reykjavik Open 2011"]
[Site "Reykjavik ISL"]
[Date "2011.03.15"]
[Round "8.52"]
[White "Hajenius, Willem"]
[Black "Bjornsson, Tomas"]
[Result "1/2-1/2"]
[WhiteElo "2028"]
[BlackElo "2158"]
[PlyCount "76"]
[EventDate "2011.03.09"]
[EventType "swiss"]
[EventRounds "9"]
[EventCountry "ISL"]
[Source "lmi"]
[SourceDate "2011.03.09"]

1. d4 d5 2. c4 c6 3. cxd5 Qxd5 4. Nc3 Qa5 5. Nf3 Nf6 6. Bd2 Bg4 7. Ne5 Bh5 8.
f3 Nbd7 9. Nc4 Qc7 10. e4 b5 11. Ne3 b4 12. Ne2 e5 13. Rc1 exd4 14. Nxd4 Bc5
15. Ndf5 O-O 16. Be2 Bg6 17. g4 Rfe8 18. Kf1 a5 19. Qe1 Rad8 20. h4 h5 21. g5
Nh7 22. Kg2 Nhf8 23. a3 Ne6 24. axb4 Nf4+ 25. Kf1 axb4 26. Bxb4 Bxe3 27. Nxe3
Ne5 28. Ba5 Qa7 29. Bxd8 Qxe3 30. Rc3 Qxe2+ 31. Qxe2 Nxe2 32. Kxe2 Rxd8 33.
Rhc1 Rb8 34. b3 f5 35. f4 Ng4 36. Rxc6 Kh7 37. e5 Rxb3 38. R1c3 Rb2+ 1/2-1/2

[Event "MP Reykjavik Open 2011"]
[Site "Reykjavik ISL"]
[Date "2011.03.15"]
[Round "8.53"]
[White "Keetbaas, Herman"]
[Black "Bergsson, Stefan"]
[Result "0-1"]
[WhiteElo "1991"]
[BlackElo "2158"]
[PlyCount "98"]
[EventDate "2011.03.09"]
[EventType "swiss"]
[EventRounds "9"]
[EventCountry "ISL"]
[Source "lmi"]
[SourceDate "2011.03.09"]

1. e4 e5 2. Nf3 Nc6 3. Bb5 f5 4. Nc3 fxe4 5. Nxe4 d5 6. Nxe5 dxe4 7. Nxc6 Qd5
8. c4 Qd6 9. Qh5+ g6 10. Qe5+ Kf7 11. c5 Qxe5 12. Nxe5+ Ke6 13. d4 exd3 14.
Nxd3 Kf7 15. Be3 Bg7 16. Bc4+ Be6 17. Bxe6+ Kxe6 18. O-O-O Ne7 19. Nf4+ Kf5 20.
Rd7 Bf6 21. Rhd1 Rac8 22. Nd5 Nxd5 23. R1xd5+ Ke6 24. Rd2 h5 25. Kc2 Rhd8 26.
Rxd8 Rxd8 27. Rxd8 Bxd8 28. Bd4 Kd5 29. Kd3 a5 30. b3 Be7 31. Bc3 a4 32. b4 b6
33. cxb6 cxb6 34. a3 b5 35. f3 Bg5 36. Bb2 h4 37. g3 h3 38. f4 Bd8 39. Be5 Bb6
40. Ke2 Ke4 41. Kf1 Be3 42. Bb2 Kd3 43. Be5 Bc1 44. g4 Bxa3 45. Kf2 Bxb4 46.
Kg3 a3 47. f5 gxf5 48. g5 a2 49. g6 Bc3 0-1

[Event "MP Reykjavik Open 2011"]
[Site "Reykjavik ISL"]
[Date "2011.03.15"]
[Round "8.54"]
[White "Puuska, Heini"]
[Black "Guindy, Esmat"]
[Result "0-1"]
[WhiteElo "2014"]
[BlackElo "2153"]
[PlyCount "92"]
[EventDate "2011.03.09"]
[EventType "swiss"]
[EventRounds "9"]
[EventCountry "ISL"]
[Source "lmi"]
[SourceDate "2011.03.09"]

1. d4 d5 2. Bg5 Bf5 3. e3 c6 4. Nf3 Qb6 5. Qc1 h6 6. Bh4 Nd7 7. Nbd2 Ngf6 8. c4
Ne4 9. c5 Qd8 10. Nxe4 dxe4 11. Nd2 g5 12. Bg3 Bg7 13. Be2 O-O 14. O-O e5 15.
dxe5 Nxe5 16. Bxe5 Bxe5 17. Nc4 Qe7 18. Nxe5 Qxe5 19. Rd1 Rfd8 20. Qc2 Be6 21.
b4 Rxd1+ 22. Rxd1 a5 23. b5 cxb5 24. Bxb5 Rc8 25. a4 Rxc5 26. Qd2 Bb3 27. Rb1
Bc2 28. Rc1 Bd3 29. Rxc5 Qxc5 30. h4 Bxb5 31. axb5 Qxb5 32. Qd8+ Kh7 33. Qe7
Qd5 34. hxg5 hxg5 35. f3 exf3 36. e4 Qd4+ 37. Kh2 Qg7 38. gxf3 b6 39. e5 Qg6
40. Kg3 Qf5 41. Qd6 Qe6 42. f4 gxf4+ 43. Kxf4 Kg7 44. Ke4 Qxd6 45. exd6 Kf8 46.
Kd5 Ke8 0-1

[Event "MP Reykjavik Open 2011"]
[Site "Reykjavik ISL"]
[Date "2011.03.15"]
[Round "8.55"]
[White "Ingvason, Johann"]
[Black "Antonsson, Atli"]
[Result "1/2-1/2"]
[WhiteElo "2135"]
[BlackElo "1830"]
[PlyCount "92"]
[EventDate "2011.03.09"]
[EventType "swiss"]
[EventRounds "9"]
[EventCountry "ISL"]
[Source "lmi"]
[SourceDate "2011.03.09"]

1. e4 e6 2. d4 d5 3. Nc3 Nf6 4. Bg5 Bb4 5. e5 h6 6. exf6 hxg5 7. fxg7 Rg8 8. h4
Rxg7 9. h5 c5 10. h6 Rh7 11. Bd3 Rh8 12. a3 Bxc3+ 13. bxc3 Qf6 14. Qh5 Nc6 15.
Nf3 cxd4 16. Nxg5 Ne5 17. Bb5+ Bd7 18. Bxd7+ Kxd7 19. cxd4 Ng6 20. Rb1 b6 21.
Rb3 Qxd4 22. O-O Raf8 23. g3 Ne5 24. Rb4 Qc3 25. Rb3 Qxc2 26. Nf3 Nxf3+ 27.
Qxf3 Rxh6 28. Rc3 Qe4 29. Qxe4 dxe4 30. Rd1+ Ke7 31. Rc7+ Kf6 32. Rdd7 Rh7 33.
Kf1 Rh1+ 34. Ke2 a5 35. Rc6 Rb1 36. Rb7 b5 37. Rc5 Rb3 38. Rbxb5 Rxa3 39. Rxa5
Rxa5 40. Rxa5 Rb8 41. Ke3 Rb4 42. g4 e5 43. Ra7 Kg6 44. g5 f5 45. gxf6 Kxf6 46.
Ra8 Ke6 1/2-1/2

[Event "MP Reykjavik Open 2011"]
[Site "Reykjavik ISL"]
[Date "2011.03.15"]
[Round "8.56"]
[White "Andersen, Daniel"]
[Black "Schaefer, Reyk"]
[Result "1-0"]
[WhiteElo "1983"]
[BlackElo "2133"]
[PlyCount "65"]
[EventDate "2011.03.09"]
[EventType "swiss"]
[EventRounds "9"]
[EventCountry "ISL"]
[Source "lmi"]
[SourceDate "2011.03.09"]

1. c4 Nf6 2. Nc3 d5 3. cxd5 Nxd5 4. g3 g6 5. Bg2 Nb6 6. d3 Bg7 7. Be3 O-O 8.
Qd2 Nc6 9. Bxc6 bxc6 10. Bh6 Nd5 11. h4 Nf6 12. h5 Bxh6 13. Qxh6 Bf5 14. e4 Rb8
15. O-O-O Ng4 16. Qd2 Be6 17. f3 Nf6 18. Qh2 Qd4 19. g4 Rb7 20. e5 Rfb8 21.
exf6 Rxb2 22. Qxb2 Rxb2 23. Kxb2 exf6 24. Nge2 Qb4+ 25. Ka1 Qd6 26. Rb1 f5 27.
h6 Qd8 28. Rb7 fxg4 29. fxg4 f6 30. Rhb1 Qxd3 31. Rd1 Qc4 32. Rd8+ Kf7 33.
Rxc7+ 1-0

[Event "MP Reykjavik Open 2011"]
[Site "Reykjavik ISL"]
[Date "2011.03.15"]
[Round "8.57"]
[White "Steil-Antoni, Fiona"]
[Black "Hreinsson, Kristjan"]
[Result "1-0"]
[WhiteElo "2117"]
[BlackElo "1792"]
[PlyCount "43"]
[EventDate "2011.03.09"]
[EventType "swiss"]
[EventRounds "9"]
[EventCountry "ISL"]
[Source "lmi"]
[SourceDate "2011.03.09"]

1. e4 e5 2. Bc4 Nf6 3. d3 d6 4. Nc3 Be6 5. Nf3 Bxc4 6. dxc4 Be7 7. O-O h6 8.
Qd3 Nbd7 9. Na4 g5 10. b3 Nh5 11. Be3 g4 12. Ne1 Nf4 13. Qd2 Bg5 14. Nd3 Nxd3
15. Qxd3 Rg8 16. Rad1 Qe7 17. Nc3 Bxe3 18. fxe3 Nc5 19. Qd2 g3 20. Nd5 gxh2+
21. Kh1 Qh4 22. Nxc7+ 1-0

[Event "MP Reykjavik Open 2011"]
[Site "Reykjavik ISL"]
[Date "2011.03.15"]
[Round "8.58"]
[White "Sverrisson, Nokkvi"]
[Black "Braig, Frank"]
[Result "1-0"]
[WhiteElo "1824"]
[BlackElo "2105"]
[PlyCount "45"]
[EventDate "2011.03.09"]
[EventType "swiss"]
[EventRounds "9"]
[EventCountry "ISL"]
[Source "lmi"]
[SourceDate "2011.03.09"]

1. e4 c6 2. d4 d5 3. Nc3 dxe4 4. Nxe4 Nf6 5. Nxf6+ gxf6 6. c3 Bf5 7. Nf3 e6 8.
g3 Nd7 9. Bg2 Bd6 10. O-O Qc7 11. b4 a5 12. bxa5 Qxa5 13. Qb3 Qa4 14. Bh6 Ke7
15. Nh4 Bd3 16. Rfe1 Rhb8 17. Bh3 Kd8 18. Bd2 Qc4 19. Bf1 Bxf1 20. Rxf1 Qd3 21.
Rfd1 Qe2 22. Qc2 f5 23. Bg5+ 1-0

[Event "MP Reykjavik Open 2011"]
[Site "Reykjavik ISL"]
[Date "2011.03.15"]
[Round "8.59"]
[White "Gardarsson, Hordur"]
[Black "Larusson, Petur Atli"]
[Result "0-1"]
[WhiteElo "1851"]
[BlackElo "2095"]
[PlyCount "70"]
[EventDate "2011.03.09"]
[EventType "swiss"]
[EventRounds "9"]
[EventCountry "ISL"]
[Source "lmi"]
[SourceDate "2011.03.09"]

1. d4 Nf6 2. c4 e6 3. Nf3 b6 4. g3 Ba6 5. Qc2 Bb7 6. Bg2 c5 7. d5 exd5 8. Nh4
Nc6 9. cxd5 Nb4 10. Qb3 Bxd5 11. Bxd5 Nbxd5 12. Nc3 Nxc3 13. Qxc3 Be7 14. Nf5
O-O 15. Nxe7+ Qxe7 16. Bg5 d5 17. Bxf6 Qxf6 18. Qxf6 gxf6 19. e3 Rfe8 20. O-O-O
Rad8 21. Rd2 Re6 22. Rhd1 Red6 23. g4 Kg7 24. Rd3 Kg6 25. Rg1 Kg5 26. f4+ Kg6
27. Rg2 R8d7 28. h4 d4 29. f5+ Kg7 30. e4 c4 31. Rd1 Re7 32. Re1 d3 33. g5 Rd4
34. e5 Rxe5 35. Rxe5 fxe5 0-1

[Event "MP Reykjavik Open 2011"]
[Site "Reykjavik ISL"]
[Date "2011.03.15"]
[Round "8.60"]
[White "Fridthjofsdottir, Sigurl  Regin"]
[Black "Rehfeldt, Frank"]
[Result "0-1"]
[WhiteElo "1808"]
[BlackElo "2091"]
[PlyCount "180"]
[EventDate "2011.03.09"]
[EventType "swiss"]
[EventRounds "9"]
[EventCountry "ISL"]
[Source "lmi"]
[SourceDate "2011.03.09"]

1. e4 c6 2. d3 d5 3. Nd2 g6 4. g3 Bg7 5. Bg2 Nf6 6. Ngf3 O-O 7. O-O Na6 8. e5
Ng4 9. d4 c5 10. h3 Nh6 11. c3 e6 12. a3 Bd7 13. Re1 Nf5 14. g4 Ne7 15. Nf1
cxd4 16. cxd4 Qb6 17. Bg5 Nc6 18. b4 Nc7 19. Ng3 a5 20. Qd2 Rfc8 21. bxa5 Nxa5
22. Rab1 Qc6 23. Qf4 Rf8 24. Bh6 Ne8 25. Bxg7 Kxg7 26. h4 Bc8 27. h5 Qd7 28.
hxg6 fxg6 29. Qg5 Nc4 30. Nh5+ Kh8 31. Nf6 Nxf6 32. exf6 Qf7 33. Ne5 Qxf6 34.
Qxf6+ Rxf6 35. Nxc4 dxc4 36. Bxb7 Rb8 37. Bxc8 Rxc8 38. Re4 Rc6 39. Kg2 Rf7 40.
Rb8+ Kg7 41. Rb5 Rd7 42. Rc5 Rxd4 43. Rxc6 Rxe4 44. f3 Re2+ 45. Kg3 Ra2 46.
Rxc4 Rxa3 47. Rc7+ Kh6 48. Re7 Ra6 49. f4 g5 50. fxg5+ Kxg5 51. Rxh7 Ra3+ 52.
Kf2 Kxg4 53. Rf7 Ra5 54. Ke3 Ra4 55. Rf8 Kg5 56. Rf1 Kg6 57. Rf2 Kg7 58. Rf1
Ra7 59. Ke4 Rf7 60. Rg1+ Kf6 61. Ra1 Rb7 62. Rf1+ Ke7 63. Rh1 Rb4+ 64. Ke5 Rb5+
65. Ke4 Ra5 66. Rb1 Rf5 67. Rb7+ Kf6 68. Rb6 Rh5 69. Ra6 Rh4+ 70. Ke3 Kf5 71.
Ra5+ e5 72. Rb5 Rh3+ 73. Ke2 Kf4 74. Rb4+ e4 75. Rb8 Rh2+ 76. Kf1 Ra2 77. Rf8+
Ke3 78. Rd8 Rd2 79. Rh8 Rd1+ 80. Kg2 Ke2 81. Kg3 Rf1 82. Ra8 Rd1 83. Kf4 e3 84.
Ra3 Rd4+ 85. Ke5 Rb4 86. Ra2+ Kf1 87. Ra8 e2 88. Rf8+ Kg2 89. Rg8+ Kf2 90. Rf8+
Kg3 0-1

[Event "MP Reykjavik Open 2011"]
[Site "Reykjavik ISL"]
[Date "2011.03.15"]
[Round "8.61"]
[White "Willis, Brad"]
[Black "Brynjarsson, Eirikur Orn"]
[Result "1-0"]
[WhiteElo "2090"]
[BlackElo "1626"]
[PlyCount "89"]
[EventDate "2011.03.09"]
[EventType "swiss"]
[EventRounds "9"]
[EventCountry "ISL"]
[Source "lmi"]
[SourceDate "2011.03.09"]

1. d4 d5 2. Nf3 Nf6 3. e3 c6 4. Nbd2 Bg4 5. c3 e6 6. Bd3 Bd6 7. O-O Qc7 8. Qc2
Nbd7 9. h3 Bh5 10. Re1 O-O 11. Nh4 e5 12. Nf5 e4 13. Bf1 Rac8 14. Nxd6 Qxd6 15.
g3 c5 16. Bg2 Qe6 17. Kh2 b5 18. Nf1 a6 19. g4 Bg6 20. Qe2 Rfe8 21. Ng3 Qd6 22.
Kg1 h6 23. Bd2 Qe6 24. Qd1 Rc7 25. Ne2 Qd6 26. Nf4 Rec8 27. Bf1 cxd4 28. exd4
Nb6 29. Ng2 Na4 30. Bf4 Qc6 31. Bxc7 Qxc7 32. Qd2 h5 33. g5 Nd7 34. Re2 Qd8 35.
Rc1 Nab6 36. Qf4 Nf8 37. h4 Ne6 38. Qg3 Bf5 39. Ne3 Bg6 40. Bh3 Kh7 41. f4 exf3
42. Qxf3 Qd6 43. Rf2 Kh8 44. Nf5 Qc7 45. Ng3 1-0

[Event "MP Reykjavik Open 2011"]
[Site "Reykjavik ISL"]
[Date "2011.03.15"]
[Round "8.62"]
[White "Sigurdarson, Emil"]
[Black "Ragnarsson, Johann"]
[Result "0-1"]
[WhiteElo "1694"]
[BlackElo "2089"]
[PlyCount "68"]
[EventDate "2011.03.09"]
[EventType "swiss"]
[EventRounds "9"]
[EventCountry "ISL"]
[Source "lmi"]
[SourceDate "2011.03.09"]

1. e4 c6 2. d4 d5 3. Nd2 dxe4 4. Nxe4 Bf5 5. Ng3 Bg6 6. h4 h6 7. Nf3 Nd7 8. h5
Bh7 9. Bd3 Bxd3 10. Qxd3 e6 11. Bf4 Qa5+ 12. Bd2 Bb4 13. c3 Be7 14. c4 Qc7 15.
O-O-O Ngf6 16. Ne4 O-O 17. Rdg1 Ng4 18. Qe2 Rfd8 19. Bc3 f5 20. Ng3 Nf8 21. Re1
Bd6 22. Ne5 Nxe5 23. dxe5 Bc5 24. Rd1 Qb6 25. f3 Bf2 26. Rxd8 Rxd8 27. Nf1 Bd4
28. Bxd4 Qxd4 29. g3 Nd7 30. f4 Nc5 31. Rh2 Nd3+ 32. Kb1 Nb4 33. Ne3 Qe4+ 34.
Ka1 Qxe3 0-1

[Event "MP Reykjavik Open 2011"]
[Site "Reykjavik ISL"]
[Date "2011.03.15"]
[Round "8.63"]
[White "Salewski, Bernd"]
[Black "Johannesson, Oliver"]
[Result "0-1"]
[WhiteElo "2056"]
[BlackElo "1554"]
[PlyCount "52"]
[EventDate "2011.03.09"]
[EventType "swiss"]
[EventRounds "9"]
[EventCountry "ISL"]
[Source "lmi"]
[SourceDate "2011.03.09"]

1. d4 Nf6 2. Nc3 d5 3. Bg5 h6 4. Bxf6 exf6 5. e3 c6 6. Bd3 Bd6 7. Qf3 O-O 8.
Nge2 b5 9. Ng3 Re8 10. Nf5 Bf8 11. g4 g6 12. Ng3 Nd7 13. h4 Nb6 14. O-O-O Nc4
15. e4 Qa5 16. Bxc4 dxc4 17. e5 fxe5 18. Nge4 Bg7 19. Nd6 Rf8 20. Qxc6 Bxg4 21.
f3 exd4 22. Ncxb5 Be6 23. a3 d3 24. cxd3 cxd3 25. Kb1 a6 26. Qc7 axb5 0-1

[Event "MP Reykjavik Open 2011"]
[Site "Reykjavik ISL"]
[Date "2011.03.15"]
[Round "8.64"]
[White "Lee, Kai Jie Edward"]
[Black "Schwenke, Markus"]
[Result "1/2-1/2"]
[WhiteElo "1913"]
[BlackElo "2098"]
[PlyCount "82"]
[EventDate "2011.03.09"]
[EventType "swiss"]
[EventRounds "9"]
[EventCountry "ISL"]
[Source "lmi"]
[SourceDate "2011.03.09"]

1. e4 c6 2. d4 d5 3. Nc3 dxe4 4. Nxe4 Bf5 5. Ng3 Bg6 6. h4 h6 7. Nf3 Nd7 8. h5
Bh7 9. Bd3 Bxd3 10. Qxd3 Ngf6 11. Bd2 e6 12. Ne4 Nxe4 13. Qxe4 Nf6 14. Qe2 Bd6
15. O-O-O Qc7 16. g3 O-O-O 17. Kb1 Nd7 18. Rhe1 Rhe8 19. Ne5 Nxe5 20. dxe5 Bc5
21. f4 Rd5 22. Bc1 Red8 23. Rxd5 Rxd5 24. Qg4 Bf8 25. Rf1 Qd7 26. Qf3 a5 27. g4
a4 28. g5 hxg5 29. fxg5 Rxe5 30. h6 gxh6 31. Qf6 Rxg5 32. Bxg5 hxg5 33. Qxg5 f5
34. Qg8 Qd6 35. Re1 Kd7 36. Qg1 Qc5 37. Rd1+ Kc7 38. Qg6 Qe7 39. Re1 Kd7 40.
Rd1+ Kc8 41. Re1 Kd7 1/2-1/2

[Event "MP Reykjavik Open 2011"]
[Site "Reykjavik ISL"]
[Date "2011.03.15"]
[Round "8.65"]
[White "Mihajlov, Svetoslav"]
[Black "Ingason, Sigurdur"]
[Result "1-0"]
[WhiteElo "2087"]
[BlackElo "1918"]
[PlyCount "77"]
[EventDate "2011.03.09"]
[EventType "swiss"]
[EventRounds "9"]
[EventCountry "ISL"]
[Source "lmi"]
[SourceDate "2011.03.09"]

1. d4 d5 2. c4 c6 3. Nc3 Nf6 4. Nf3 a6 5. e3 b5 6. cxd5 cxd5 7. Bd3 Bb7 8. O-O
e6 9. b3 Bd6 10. Bb2 O-O 11. Ne2 Nbd7 12. Nf4 Re8 13. Ne5 Qb8 14. Nxd7 Nxd7 15.
g3 Qd8 16. Be2 Qe7 17. Nd3 Rac8 18. Qd2 Nf6 19. f3 Rc7 20. Rac1 Rec8 21. Rxc7
Rxc7 22. Bc3 Rc8 23. Bb4 Bxb4 24. Nxb4 h6 25. Nd3 Nd7 26. Rc1 Qd8 27. Kf2 Rc6
28. Rxc6 Bxc6 29. Qb4 Qf8 30. Qa5 Qc8 31. Ke1 Bb7 32. Kd2 Kf8 33. Nb4 Ke7 34.
a4 bxa4 35. bxa4 Nb8 36. Qb6 Kd7 37. Nd3 Bc6 38. Ne5+ Ke7 39. Qxb8 1-0

[Event "MP Reykjavik Open 2011"]
[Site "Reykjavik ISL"]
[Date "2011.03.15"]
[Round "8.66"]
[White "Fivelstad, Jon Olav"]
[Black "Magnusson, Magnus"]
[Result "1-0"]
[WhiteElo "1854"]
[BlackElo "2026"]
[PlyCount "73"]
[EventDate "2011.03.09"]
[EventType "swiss"]
[EventRounds "9"]
[EventCountry "ISL"]
[Source "lmi"]
[SourceDate "2011.03.09"]

1. e4 e5 2. Nf3 Nc6 3. Bb5 a6 4. Ba4 Nf6 5. d3 b5 6. Bb3 Bc5 7. O-O d6 8. h3 h6
9. c3 Bb6 10. a4 Rb8 11. axb5 axb5 12. Re1 g5 13. Nh2 g4 14. hxg4 Rg8 15. g5
hxg5 16. Be3 g4 17. Bxb6 cxb6 18. Qd2 Rg6 19. Na3 Ke7 20. d4 Qh8 21. Nxb5 Ne8
22. Nf1 Qh4 23. Ng3 Na5 24. Bd5 Nf6 25. Nxd6 Kxd6 26. dxe5+ Ke7 27. exf6+ Rxf6
28. Rad1 Kf8 29. b4 Nb7 30. e5 Rh6 31. e6 Bxe6 32. Bxe6 Re8 33. Qd7 Nd8 34.
Qd6+ Kg8 35. Bxf7+ Kxf7 36. Qd7+ Re7 37. Qxe7+ 1-0

[Event "MP Reykjavik Open 2011"]
[Site "Reykjavik ISL"]
[Date "2011.03.15"]
[Round "8.67"]
[White "Reppen, Ellisiv"]
[Black "Jonsson, Olafur Gisli"]
[Result "1/2-1/2"]
[WhiteElo "1963"]
[BlackElo "1842"]
[PlyCount "128"]
[EventDate "2011.03.09"]
[EventType "swiss"]
[EventRounds "9"]
[EventCountry "ISL"]
[Source "lmi"]
[SourceDate "2011.03.09"]

1. e4 e5 2. Nf3 Nc6 3. Bc4 Nf6 4. d3 Bc5 5. O-O d6 6. c3 Qe7 7. b4 Bb6 8. a4 a5
9. b5 Nb8 10. Be3 Bxe3 11. fxe3 O-O 12. Nbd2 Bg4 13. Qe1 Nbd7 14. Nh4 c6 15. h3
Be6 16. Nf5 Bxf5 17. exf5 d5 18. Bb3 Nc5 19. Bc2 cxb5 20. axb5 e4 21. d4 Nd3
22. Qe2 Rfe8 23. c4 b6 24. Bb3 dxc4 25. Nxc4 Rab8 26. Bc2 Nb4 27. Ne5 Nfd5 28.
Bb3 Qd6 29. Qh5 Re7 30. f6 Nxf6 31. Qf5 Rf8 32. Rac1 Rc7 33. Rxc7 Qxc7 34. Qg5
Qd6 35. Rc1 Nfd5 36. Nc6 Qf6 37. Qg3 Qg6 38. Qxg6 hxg6 39. Nxb4 Nxb4 40. Rc7
Rb8 41. Rxf7 a4 42. Be6 Re8 43. d5 Kh7 44. Rf4 Kh6 45. Rxe4 Nd3 46. Rxa4 Nc5
47. Rc4 Nxe6 48. dxe6 Rxe6 49. Rc6 Rxe3 50. Rxb6 Rb3 51. Rb8 g5 52. b6 g4 53.
hxg4 Kg5 54. b7 Kxg4 55. Kf2 Rb2+ 56. Ke3 g5 57. Ke4 Kg3 58. Rg8 Rb4+ 59. Kd5
Rxb7 60. Rxg5+ Kf4 61. Rg8 Re7 62. g4 Re1 63. g5 Kf5 64. g6 Kf6 1/2-1/2

[Event "MP Reykjavik Open 2011"]
[Site "Reykjavik ISL"]
[Date "2011.03.15"]
[Round "8.68"]
[White "Calder, Dennis"]
[Black "Finnbogadottir, Tinna Kristin"]
[Result "1/2-1/2"]
[WhiteElo "1949"]
[BlackElo "1791"]
[PlyCount "120"]
[EventDate "2011.03.09"]
[EventType "swiss"]
[EventRounds "9"]
[EventCountry "ISL"]
[Source "lmi"]
[SourceDate "2011.03.09"]

1. d4 d5 2. Nf3 c6 3. c4 e6 4. e3 Nf6 5. Nc3 Nbd7 6. Bd3 dxc4 7. Bxc4 b5 8. Bd3
a6 9. O-O c5 10. Qe2 Bb7 11. Re1 cxd4 12. Nxd4 Be7 13. b3 O-O 14. Bb2 Qb6 15.
Rac1 Rac8 16. Qf1 Rfd8 17. Bb1 Ne5 18. h3 Ba8 19. Nce2 Ng6 20. Rxc8 Rxc8 21.
Ng3 Nh4 22. f3 Nd5 23. Qd3 g6 24. Kh1 Bg5 25. Nc2 Bxe3 26. Ne2 Bg5 27. a3 Qf2
28. Rg1 Nf4 29. Nxf4 Bxf4 30. Qd4 Qxd4 31. Nxd4 Be5 32. Rd1 Rd8 33. Be4 Bxe4
34. fxe4 Bxd4 35. Rxd4 Rxd4 36. Bxd4 g5 37. Bf6 h6 38. Kg1 Ng6 39. g3 Nf8 40.
Kf2 Nd7 41. Be7 f5 42. Ke3 Kf7 43. Bd6 Nf6 44. exf5 exf5 45. Kd4 Ke6 46. Bf8 h5
47. Bh6 g4 48. hxg4 hxg4 49. Bf4 Nh5 50. Bb8 Kf6 51. a4 bxa4 52. bxa4 Kg5 53.
Ke3 Kf6 54. Kd4 Ke6 55. Kc5 f4 56. gxf4 Kf5 57. Kb6 g3 58. Ba7 Nxf4 59. Kxa6
Ke4 60. Kb5 Ne2 1/2-1/2

[Event "MP Reykjavik Open 2011"]
[Site "Reykjavik ISL"]
[Date "2011.03.15"]
[Round "8.70"]
[White "Brynjarsson, Helgi"]
[Black "Sigurdsson, Birkir Karl"]
[Result "1-0"]
[WhiteElo "2008"]
[BlackElo "1481"]
[PlyCount "45"]
[EventDate "2011.03.09"]
[EventType "swiss"]
[EventRounds "9"]
[EventCountry "ISL"]
[Source "lmi"]
[SourceDate "2011.03.09"]

1. e4 c5 2. Nc3 g6 3. f4 Bg7 4. Nf3 d6 5. d3 Nc6 6. Ne2 Nf6 7. c3 O-O 8. h3 b5
9. g4 Bb7 10. Qc2 a5 11. Be3 Rc8 12. Rc1 Qd7 13. Ng3 Qc7 14. g5 Nd7 15. h4 e6
16. h5 a4 17. Qh2 Rfe8 18. hxg6 hxg6 19. Qh7+ Kf8 20. Nh4 b4 21. f5 exf5 22.
Nhxf5 gxf5 23. Nxf5 1-0